01068nam a2200349Ia 4500001000700000003000500007008004100012010001100053020001800064040000900082082001400091100004100105245011300146250001200259260004000271300001100311500007100322503001700393504002200410650000500432650001600437650002100453700004900474700003600523901001400559902000600573910000900579942000600588942000700594999001900601952009800620Z_2637CHAP220113s1999 xx 000 0 und d a165697 a950-504-553-0 cCHAP a638.1 F75 aFrisch, Karl von, 1886 -19829139649 aLa vida de las abejas /cKarl von Frisch ; traducción Josue A. Nuñez; actualización Martín Lindauer a10a ed. aArgentina :bHemisferio Sur,c1999 a284 p. aTítulo original de la obra en alemán : Ausdem Leder den Bienen aej.1: 201582 aIncluye índices a aAbejas9182 aApicultura96241 a Lindauer, Martín, actualización9139650 aNuñez, Josue A., tr. 9139651 a638.1 F75 aM a1999 c1 cc1 c165697d165697 00102ddc40708GRALaZbZc1d2005-11-09pz_3040r2022-01-18 00:00:00t1w2022-01-18yLIBRO